000 00295nam a2200133Ia 4500
999 _c206
_d206
003 OSt
008 191201s2004 xx 000 0 und d
100 _aKUMAR, Brajesh
245 0 _aModern Microeconomics
260 _aN. delhi
_bAne Books
_c2004
300 _a323
650 _aMBA
942 _2ddc
_cBK